| 000 | 00712nam a22002777a 4500 | ||
|---|---|---|---|
| 005 | 20240809133017.0 | ||
| 008 | 170502b xxu||||| |||| 00| 0 spa d | ||
| 020 | _a9788466228060 | ||
| 041 | _aESP | ||
| 082 | _a793.21 G216c | ||
| 100 |
_aGarcía de la Noceda, Nuria _942423 |
||
| 245 | _aCómo preparar divertidas fiestas para niños: baby shower, cumpleaños, carnaval, pascua, halloween, navidad | ||
| 260 | _bEspaña | ||
| 260 | _bLIBSA | ||
| 260 | _c2014 | ||
| 300 | _a128 páginas | ||
| 650 | _aFIESTAS | ||
| 650 | _aNIÑOS | ||
| 650 | _aBABY SHOWER | ||
| 650 | _aCUMPLEAÑOS | ||
| 650 | _aCARNAVAL | ||
| 650 | _aHALLOWEEN | ||
| 650 | _aNAVIDAD | ||
| 942 |
_cBK _2ddc |
||
| 999 |
_c9342 _d9342 |
||